LIBRARY & INFORMATION CENTRE, KCAET, TAVANUR

ONLINE PUBLIC ACCESS CATALOGUE (OPAC)

Data Communications and Networking (Record no. 13820)

MARC details
000 -LEADER
fixed length control field 00369nam a22001457a 4500
020 ## - INTERNATIONAL STANDARD BOOK NUMBER
ISBN 9780070634145
082 ## - DEWEY DECIMAL CLASSIFICATION NUMBER
Classification number 005.71 BEH/DA
100 ## - MAIN ENTRY--AUTHOR NAME
Personal name Forouzan,Behrouz A
100 ## - MAIN ENTRY--AUTHOR NAME
Personal name Fegan, Sophia Chung
245 ## - TITLE STATEMENT
Title Data Communications and Networking
250 ## - EDITION STATEMENT
Edition statement 4th ed
260 ## - PUBLICATION, DISTRIBUTION, ETC. (IMPRINT)
Place of publication New Delhi
Name of publisher Tata McGraw Hill Education Pvt Ltd
Year of publication 2012
300 ## - PHYSICAL DESCRIPTION
Number of Pages 1134
942 ## - ADDED ENTRY ELEMENTS (KOHA)
Koha item type Books
Holdings
Withdrawn status Lost status Damaged status Collection code Home library Current library Shelving location Date acquired Source of acquisition Cost, normal purchase price Full call number Accession Number Koha item type
      Non-fiction KAUAET KAUAET General Stacks 31/03/2012 IBPSS,Delhi 470.00 005.71 BEH/DA 23522 Books
free website counter